00421nam a22000977a 4500008004100000082001700041245019200058260005700250300000900307440000700316230605b xxu||||| |||| 00| 0 eng d a328.365bKNA aReport of the Select Committee Investigating Circumstances Leadingto the Death of the Late Dr. The Hon. Robert John Ouko, EGH,MPbSummary of Oral Evidence February 23,2004 - March 26,2005 aNairobi, KenyabKenya National AssemblycMarch, 2005 a229p vII